The Dynamics of Latin American foreign policies : (Record no. 1727)
[ view plain ]
| 000 -LEADER | |
|---|---|
| fixed length control field | 01031nam a2200313 a 4500 |
| 001 - CONTROL NUMBER | |
| JCCL Control Number | 1727 |
| 003 - CONTROL NUMBER IDENTIFIER | |
| JCCL marc code | BD-JhCC |
| 005 - DATE AND TIME OF LATEST TRANSACTION | |
| control field | 20171023193907.0 |
| 008 - FIXED-LENGTH DATA ELEMENTS--GENERAL INFORMATION | |
| fixed length control field | 840703s1984 coub b a 001 0 eng |
| 020 ## - INTERNATIONAL STANDARD BOOK NUMBER | |
| International Standard Book Number | 0865317836 (pbk.) : |
| Terms of availability | $11.95 (est.) |
| 020 ## - INTERNATIONAL STANDARD BOOK NUMBER | |
| International Standard Book Number | 0865317828 (hard) : |
| Terms of availability | $27.50 (est.) |
| 035 ## - SYSTEM CONTROL NUMBER | |
| system control number | (BD-JhCC)1727 |
| 040 ## - CATALOGING SOURCE | |
| Original cataloging agency | DLC |
| Transcribing agency | DLC |
| Modifying agency | DLC |
| 041 ## - LANGUAGE CODE | |
| Language code of Book | eng |
| 050 00 - LIBRARY OF CONGRESS CALL NUMBER | |
| Classification number | F1414.2 |
| Item number | .D93 1984 |
| 082 00 - DEWEY DECIMAL CLASSIFICATION NUMBER | |
| Classification number | 327/.098 |
| DDC Edition number | 19 |
| Author mark and Year | LIN 1984 |
| 100 ## - MAIN ENTRY--PERSONAL NAME | |
| Personal name | Lincoln, Jennie K. |
| 245 04 - TITLE STATEMENT | |
| Title | The Dynamics of Latin American foreign policies : |
| Remainder of title | challenges for the 1980s / |
| Statement of responsibility, etc | edited by Jennie K. Lincoln and Elizabeth G. Ferris. |
| 260 ## - PUBLICATION, DISTRIBUTION, ETC. (IMPRINT) | |
| Place of publication, distribution, etc | Boulder : |
| Name of publisher, distributor, etc | Westview Press, |
| Date of publication, distribution, etc | 1984. |
| 300 ## - PHYSICAL DESCRIPTION | |
| Pagination | xvi, 325 p. : |
| Other physical details | map ; |
| Dimensions | 23 cm. |
| 440 #0 - | |
| Title | Westview special studies on Latin America and the Caribbean |
| 500 ## - GENERAL NOTE | |
| General note | Includes index. |
| 504 ## - BIBLIOGRAPHY, ETC. NOTE | |
| Bibliography, etc | Bibliography: p. 285-304. |
| 651 #0 - SUBJECT ADDED ENTRY--GEOGRAPHIC NAME | |
| Geographic name | Latin America |
| General subdivision | Foreign relations |
| Chronological subdivision | 1980- |
| 700 1# - ADDED ENTRY--PERSONAL NAME | |
| Personal name | Lincoln, Jennie K. |
| 700 1# - ADDED ENTRY--PERSONAL NAME | |
| Personal name | Ferris, Elizabeth G. |
| 942 ## - ADDED ENTRY ELEMENTS (KOHA) | |
| Source of classification or shelving scheme | Dewey Decimal Classification |
| Koha item type | Books |
| Source of classification or shelving scheme | Damaged status | Not for loan | Home library | Current library | Shelving location | Date of accession | Total Checkouts | Full call number | Barcode | Date last seen | Copy number | Koha item type |
|---|---|---|---|---|---|---|---|---|---|---|---|---|
| Dewey Decimal Classification | JCC Rouf Library | JCC Rouf Library | General Stacks | 10/23/2017 | 327/.098 LIN 1984 | 3016 | 10/23/2017 | C-1 | Books |